01278aam a2200349 450000500170000000800410001702000180005804100080007608200200008424500270010426000130013126000110014426000090015530000190016450503590018365000240054265000170056665000210058365000240060465000280062865000350065665000300069165000220072165000310074365000250077465000270079965000180082665000180084465000190086265000270088165000200090820250818141255.0150821b xxu||||| |||| 00| 0 spa d a9788478410859 aESP a658.409.2 N964n aLos nuevos empresarios aEspaña bOceano c2008 a1109 páginas aVolumen 1 contiene: El liderazgo, la negociación, el plan de negocios, la administración de la empresa y marketing y promoción. Volumen 2 contiene: La organización del tiempo, la comunicación, informes y presentaciones, el correo electrónico, las llamadas telefónicas, las reuniones, la autoestima, la asertividad, y las relaciones humanas. aLIDERAZGO EJECUTIVO aEL LIDERAZGO aLA NEGOCIACIÓN aEL PLAN DE NEGOCIOS aMARKETING Y PROMOCIÓN aADMINISTRACIÓN DE LA EMPRESA aORGANIZACIÓN DEL TIEMPO aLA COMUNICACIÓN aPRESENTACIONES DE INFORMES aCORREO ELECTRÓNICO aLLAMADAS TELEFÓNICAS aLAS REUNIONES aLA AUTOESTIMA aLA ASERTIVIDAD aLAS RELACIONES HUMANAS aGENTE DIFÍCIL